Największe państwa w Historii Europy - Statystyki

Ogólne statystyki
  • Ten quiz został rozwiązany 2 783 razy
  • Średni wynik to 11 z 16
Statystyki odpowiedzi
Powierzchnia Imperium % Poprawnych
2 23,7 (mln km2) Imperium Rosyjskie
94%
5 17,1 (mln km2) Federacja Rosyjska
91%
1 33,2 (mln km2) Imperium Brytyjskie
90%
6 13,0 (mln km2) Francuskie Imperium Kolonialne
89%
9 6,4 (mln km2) III Rzesza Niemiecka
88%
16 3,5 (mln km2) Cesarstwo Niemieckie
85%
4 22,0 (mln km2) Hiszpańskie Imperium Kolonialne
85%
11 5,2 (mln km2) Imperium Osmańskie
77%
13 3,8 (mln km2) Włoskie Imperium Kolonialne
75%
7 10,4 (mln km2) Portugalskie Imperium Kolonialne
70%
14 4,5 (mln km2) Cesarstwo Bizantyjskie
59%
8 6,5 (mln km2) Cesarstwo Rzymskie
58%
3 22,4 (mln km2) Związek Socjalistycznych Republik Radzieckich
56%
15 3,7 (mln km2) Holenderskie Imperium Kolonialne
49%
11 5,2 (mln km2) Imperium Macedońskie
26%
10 6,0 (mln km2) Złota Orda
6%
Nie znaleziono quizów pasujących do podanych kryteriów
Rozkład punktacji
Procent ludzi z każdym wynikiem
Percentyl według liczby udzielonych odpowiedzi
Twoja historia wyników
Nie rozwiązałeś tego quizu